1980's British Films: Screenshots - Statistics

General Stats
  • This quiz has been taken 271 times
  • The average score is 8 of 16
Answer Stats
Picture Hint Answer % Correct
1982 Gandhi
99%
1980 The Elephant Man
92%
1981 Chariots Of Fire
83%
1984 Educating Rita
61%
1988 A Fish Called Wanda
57%
1980 Gregory's Girl
55%
1988 Buster
54%
1987 Withnail and I
53%
1983 Monty Python's The Meaning of Life
50%
1985 My Beautiful Laundrette
46%
1986 Mona Lisa
37%
1987 Wish You Were Here
34%
1989 Scandal
32%
1989 The Tall Guy
21%
1982 The Missionary
14%
1985 Dance With A Stranger
13%
No matching quizzes found
Score Distribution
Percent of People with Each Score
Percentile by Number Answered
Your Score History
You have not taken this quiz